[Event "II Magistral Blitz Quart"]
[Site "Quart de Poblet, Spain"]
[Date "2019.08.08"]
[Round "3.2"]
[White "Movsisyan, Tigran"]
[Black "Lara Lopez, Jose"]
[Result "0-1"]
[WhiteElo "1310"]
[BlackElo "2271"]
[PlyCount "78"]
[EventDate "2019.??.??"]

1. c4 {[%clk 00:07:04]  [%emt 00:00:04]} 1... e5 {
[%clk 00:07:01]  [%emt 00:00:04]} 2. Nc3 {[%clk 00:07:06]} 2... Nf6 {
[%clk 00:06:54]  [%emt 00:04:15]} 3. g3 {[%clk 00:07:07]  [%emt 00:00:11]} 3...
Nc6 {[%clk 00:06:55]} 4. Bg2 {[%clk 00:07:08]} 4... Bb4 {[%clk 00:06:55]} 5. e3
{[%clk 00:07:06]  [%emt 00:00:11]} 5... O-O {[%clk 00:06:50]  [%emt 00:00:07]}
6. Nge2 {[%clk 00:07:08]} 6... a5 {[%clk 00:06:20]  [%emt 00:00:38]} 7. O-O {
[%clk 00:07:00]  [%emt 00:00:04]} 7... d6 {[%clk 00:06:06]  [%emt 00:00:15]} 8.
d3 {[%clk 00:06:56]  [%emt 00:00:11]} 8... Bg4 {
[%clk 00:06:00]  [%emt 00:00:04]} 9. h3 {[%clk 00:06:53]  [%emt 00:00:14]} 9...
Bh5 {[%clk 00:05:55]  [%emt 00:00:03]} 10. Kh2 {[%clk 00:06:54]} 10... Bxc3 {
[%clk 00:05:42]  [%emt 00:00:17]} 11. bxc3 {[%clk 00:06:53]  [%emt 00:00:10]}
11... d5 {[%clk 00:05:33]  [%emt 00:00:05]} 12. c5 {
[%clk 00:04:17]  [%emt 00:02:35]} 12... Qd7 {[%clk 00:04:55]  [%emt 00:00:54]}
13. Rb1 {[%clk 00:03:58]  [%emt 00:00:24]} 13... Ra7 {
[%clk 00:04:39]  [%emt 00:00:08]} 14. d4 {[%clk 00:03:27]  [%emt 00:00:31]}
14... Re8 {[%clk 00:04:08]  [%emt 00:00:35]} 15. Qd2 {
[%clk 00:02:52]  [%emt 00:00:40]} 15... Bg6 {[%clk 00:04:05]  [%emt 00:00:33]}
16. Rb2 {[%clk 00:02:34]  [%emt 00:00:21]} 16... a4 {[%clk 00:04:03]} 17. a3 {
[%clk 00:02:35]} 17... Na5 {[%clk 00:04:04]} 18. Rb4 {
[%clk 00:02:03]  [%emt 00:00:16]} 18... Nc4 {[%clk 00:03:39]  [%emt 00:00:25]}
19. Qd1 {[%clk 00:02:02]  [%emt 00:00:18]} 19... Ne4 {
[%clk 00:03:26]  [%emt 00:00:07]} 20. dxe5 {[%clk 00:01:48]  [%emt 00:00:38]}
20... Nxe5 {[%clk 00:02:24]  [%emt 00:01:04]} 21. f4 {
[%clk 00:01:23]  [%emt 00:00:12]} 21... Nc6 {[%clk 00:01:53]  [%emt 00:00:26]}
22. Rxa4 {[%emt 00:00:26]} 22... Rxa4 {[%clk 00:01:45]} 23. Qxa4 {
[%clk 00:00:21]} 23... Nxc5 24. Qb5 {[%emt 00:02:15]} 24... Ne4 {
[%emt 00:00:08]} 25. Rd1 {[%clk 00:00:10]} 25... Rd8 {
[%clk 00:00:27]  [%emt 00:00:38]} 26. Qxb7 {[%clk 00:00:10]} 26... Rb8 {
[%clk 00:00:19]} 27. Qa6 {[%emt 00:00:06]} 27... Qe6 {
[%clk 00:00:08]  [%emt 00:00:07]} 28. Nd4 Nxd4 {[%clk 00:00:10]} 29. Qa7 {
[%clk 00:00:08]  [%emt 00:00:04]} 29... Nc6 {[%clk 00:00:10]  [%emt 00:00:04]}
30. Qd4 {[%clk 00:00:09]  [%emt 00:00:08]} 30... Nxd4 {[%clk 00:00:11]} 31.
Rxd4 {[%clk 00:00:09]} 31... c5 32. Ra4 {[%clk 00:00:10]} 32... Qc6 {
[%clk 00:00:14]  [%emt 00:00:04]} 33. Ra7 {[%clk 00:00:09]  [%emt 00:00:03]}
33... Ra8 {[%emt 00:00:04]} 34. Re7 {[%clk 00:00:09]} 34... Kf8 35. Bxe4 {
[%clk 00:00:06]  [%emt 00:00:09]} 35... Kxe7 {[%clk 00:00:19]  [%emt 00:00:03]}
36. Bxg6 {[%clk 00:00:07]} 36... hxg6 {[%clk 00:00:20]} 37. Bb2 {
[%clk 00:00:06]  [%emt 00:00:04]} 37... Rb8 {[%clk 00:00:20]  [%emt 00:00:14]}
38. Bc1 {[%emt 00:00:04]} 38... Qa4 39. Bd2 {[%clk 00:00:07]} 39... Qc2 {
[%clk 00:00:24]} 0-1

[Event "II Magistral Blitz Quart"]
[Site "Quart de Poblet, Spain"]
[Date "2019.08.08"]
[Round "3.3"]
[White "Sanchez Saez, Francisco"]
[Black "Hassomal Daswani, Birjkumar"]
[Result "1-0"]
[WhiteElo "2186"]
[BlackElo "1971"]
[PlyCount "77"]
[EventDate "2019.??.??"]

1. Nf3 {[%clk 00:07:03]  [%emt 00:00:27]} 1... Nf6 {[%clk 00:07:01]} 2. b3 {
[%clk 00:07:05]} 2... e6 {[%clk 00:06:39]  [%emt 00:00:14]} 3. Bb2 {
[%clk 00:07:06]} 3... Be7 {[%clk 00:06:41]} 4. c4 {
[%clk 00:07:02]  [%emt 00:00:08]} 4... c5 {[%clk 00:06:40]  [%emt 00:00:04]} 5.
g3 {[%clk 00:07:02]  [%emt 00:00:03]} 5... d5 {[%clk 00:06:34]  [%emt 00:00:07]
} 6. Bg2 {[%clk 00:07:02]  [%emt 00:00:06]} 6... Nc6 {
[%clk 00:06:34]  [%emt 00:00:04]} 7. e3 {[%clk 00:07:00]  [%emt 00:00:15]} 7...
d4 {[%clk 00:06:21]  [%emt 00:00:13]} 8. O-O {[%clk 00:06:50]  [%emt 00:00:14]}
8... O-O {[%clk 00:06:21]  [%emt 00:00:07]} 9. exd4 {
[%clk 00:06:32]  [%emt 00:00:08]} 9... cxd4 {[%clk 00:06:06]  [%emt 00:00:13]}
10. Re1 {[%clk 00:06:33]  [%emt 00:00:07]} 10... Qb6 {
[%clk 00:05:59]  [%emt 00:00:07]} 11. Na3 {[%clk 00:05:46]  [%emt 00:00:57]}
11... Rd8 {[%clk 00:05:55]} 12. Ne5 {[%clk 00:04:51]  [%emt 00:01:20]} 12...
Nxe5 {[%clk 00:05:16]  [%emt 00:00:33]} 13. Rxe5 {
[%clk 00:04:53]  [%emt 00:00:07]} 13... a6 {[%clk 00:04:56]  [%emt 00:00:07]}
14. Rc1 {[%clk 00:04:39]  [%emt 00:00:10]} 14... Qc7 {
[%clk 00:04:48]  [%emt 00:00:13]} 15. f4 {[%clk 00:04:29]  [%emt 00:00:12]}
15... Bd7 {[%clk 00:04:06]  [%emt 00:00:46]} 16. c5 {
[%clk 00:04:19]  [%emt 00:00:16]} 16... Bc6 {[%clk 00:04:03]  [%emt 00:00:04]}
17. Qe2 {[%clk 00:03:18]  [%emt 00:01:01]} 17... h5 {
[%clk 00:03:46]  [%emt 00:00:24]} 18. Bxc6 {[%clk 00:03:13]  [%emt 00:00:05]}
18... Qxc6 {[%clk 00:03:45]  [%emt 00:00:35]} 19. Qg2 {
[%clk 00:02:32]  [%emt 00:00:14]} 19... Rac8 {[%clk 00:03:15]  [%emt 00:00:32]}
20. Qxc6 {[%clk 00:02:10]  [%emt 00:00:25]} 20... Rxc6 {
[%clk 00:03:17]  [%emt 00:00:16]} 21. b4 {[%clk 00:02:12]} 21... Rd5 {
[%clk 00:03:11]} 22. Nc4 {[%clk 00:02:09]  [%emt 00:00:04]} 22... a5 {
[%clk 00:02:29]  [%emt 00:00:42]} 23. Nxa5 {[%clk 00:02:07]  [%emt 00:00:13]}
23... Ra6 {[%clk 00:02:24]  [%emt 00:00:04]} 24. a3 {
[%clk 00:02:01]  [%emt 00:00:10]} 24... Rd7 {[%clk 00:02:05]  [%emt 00:00:19]}
25. Nc4 {[%clk 00:01:51]  [%emt 00:00:12]} 25... g6 {
[%clk 00:02:04]  [%emt 00:00:33]} 26. b5 {[%clk 00:01:46]  [%emt 00:00:03]}
26... Ra7 {[%clk 00:01:52]} 27. c6 {[%clk 00:01:43]  [%emt 00:00:04]} 27...
bxc6 {[%clk 00:01:48]  [%emt 00:00:04]} 28. bxc6 {[%clk 00:01:45]} 28... Rdc7 {
[%clk 00:01:44]  [%emt 00:00:10]} 29. Bxd4 {[%clk 00:01:45]  [%emt 00:00:03]}
29... Ra4 {[%clk 00:01:43]} 30. Ra5 {[%clk 00:01:35]  [%emt 00:00:20]} 30...
Rxa5 {[%emt 00:00:04]} 31. Nxa5 {[%clk 00:01:37]  [%emt 00:00:09]} 31... Nd5 {
[%clk 00:01:13]  [%emt 00:00:14]} 32. Rb1 {[%clk 00:01:39]} 32... f6 {
[%clk 00:01:01]  [%emt 00:00:15]} 33. Rb8+ {[%clk 00:01:26]  [%emt 00:00:22]}
33... Kf7 {[%clk 00:01:02]} 34. Rb7 {[%clk 00:01:27]} 34... Bxa3 {
[%clk 00:01:04]  [%emt 00:00:13]} 35. Bb6 {[%clk 00:01:11]  [%emt 00:00:13]}
35... Nxb6 {[%clk 00:00:23]  [%emt 00:00:38]} 36. Rxc7+ {
[%clk 00:01:12]  [%emt 00:00:08]} 36... Ke8 {[%clk 00:00:26]} 37. Rg7 {
[%clk 00:00:54]  [%emt 00:00:16]} 37... Kf8 {[%clk 00:00:09]  [%emt 00:00:19]}
38. Rb7 {[%clk 00:00:44]  [%emt 00:00:17]} 38... Ke8 {
[%clk 00:00:07]  [%emt 00:00:03]} 39. d4 {[%clk 00:00:40]  [%emt 00:00:05]} 1-0

[Event "II Magistral Blitz Quart"]
[Site "Quart de Poblet, Spain"]
[Date "2019.08.08"]
[Round "3.4"]
[White "Galvan Cipriani, Viviana"]
[Black "Redondo Flores, David"]
[Result "1/2-1/2"]
[WhiteElo "2015"]
[BlackElo "2009"]
[PlyCount "59"]
[EventDate "2019.??.??"]

1. c4 {[%clk 00:07:04]} 1... e5 {[%clk 00:07:04]} 2. Nc3 {[%clk 00:07:06]} 2...
Nf6 {[%clk 00:07:05]} 3. g3 {[%clk 00:07:07]} 3... c6 {[%clk 00:07:07]} 4. d4 {
[%clk 00:07:05]} 4... e4 {[%clk 00:07:05]  [%emt 00:00:05]} 5. d5 {
[%clk 00:07:04]} 5... cxd5 {[%clk 00:07:03]} 6. Nxd5 {
[%clk 00:06:59]  [%emt 00:00:09]} 6... Nxd5 {[%clk 00:06:45]  [%emt 00:00:19]}
7. Qxd5 {[%clk 00:06:59]  [%emt 00:00:10]} 7... Bb4+ {[%clk 00:06:43]} 8. Bd2 {
[%clk 00:07:01]  [%emt 00:00:03]} 8... Bxd2+ {[%clk 00:06:45]} 9. Qxd2 {
[%clk 00:07:03]  [%emt 00:00:04]} 9... O-O {[%clk 00:06:24]  [%emt 00:00:18]}
10. Bg2 {[%clk 00:07:02]  [%emt 00:00:11]} 10... f5 {
[%clk 00:06:21]  [%emt 00:00:17]} 11. e3 {[%clk 00:07:03]} 11... Nc6 {
[%clk 00:06:17]  [%emt 00:00:04]} 12. Ne2 {[%clk 00:07:01]} 12... Qa5 {
[%clk 00:05:36]  [%emt 00:00:37]} 13. Nf4 {[%clk 00:04:52]  [%emt 00:02:44]}
13... Qxd2+ {[%clk 00:04:56]  [%emt 00:00:09]} 14. Kxd2 {
[%clk 00:04:53]  [%emt 00:00:12]} 14... Ne5 {[%clk 00:04:58]} 15. Kc3 {
[%clk 00:04:54]} 15... b6 {[%clk 00:04:47]  [%emt 00:00:07]} 16. h4 {
[%clk 00:03:28]  [%emt 00:01:30]} 16... Ba6 {[%clk 00:04:38]  [%emt 00:00:14]}
17. b3 {[%clk 00:03:29]  [%emt 00:00:03]} 17... Rac8 {[%clk 00:04:40]} 18. Kb2
{[%clk 00:03:31]  [%emt 00:00:10]} 18... b5 {[%clk 00:04:30]  [%emt 00:00:11]}
19. cxb5 {[%clk 00:03:30]  [%emt 00:00:03]} 19... Bxb5 {[%clk 00:04:31]} 20.
Bf1 {[%clk 00:03:28]  [%emt 00:00:08]} 20... Bxf1 {
[%clk 00:03:48]  [%emt 00:00:38]} 21. Rhxf1 {[%clk 00:03:26]  [%emt 00:00:40]}
21... Rc5 {[%clk 00:03:48]} 22. Rad1 {[%clk 00:03:14]} 22... Rfc8 {
[%clk 00:03:43]} 23. Rc1 {[%clk 00:02:24]  [%emt 00:00:45]} 23... h6 {
[%clk 00:03:38]  [%emt 00:00:21]} 24. h5 {[%clk 00:02:18]} 24... Rxc1 {
[%clk 00:03:05]  [%emt 00:00:31]} 25. Rxc1 {[%clk 00:02:18]  [%emt 00:00:17]}
25... Rxc1 {[%clk 00:03:07]} 26. Kxc1 {[%clk 00:02:18]} 26... Ng4 {
[%clk 00:03:08]} 27. Nh3 {[%clk 00:02:11]  [%emt 00:00:11]} 27... Nf6 {
[%clk 00:03:09]} 28. Nf4 {[%clk 00:02:00]  [%emt 00:00:06]} 28... Ng4 {
[%clk 00:03:11]  [%emt 00:00:16]} 29. Nh3 {[%clk 00:02:00]} 29... Nf6 {
[%emt 00:00:39]} 30. Nf4 1/2-1/2

[Event "II Magistral Blitz Quart"]
[Site "Quart de Poblet, Spain"]
[Date "2019.08.08"]
[Round "3.5"]
[White "Galvan, Jesus"]
[Black "Ordonez Carrasco, Jorge"]
[Result "1-0"]
[WhiteElo "2200"]
[BlackElo "1559"]
[PlyCount "72"]
[EventDate "2019.??.??"]

1. d4 {[%clk 00:07:05]} 1... Nf6 {[%clk 00:07:05]  [%emt 00:00:04]} 2. c4 {
[%clk 00:07:07]} 2... g6 {[%clk 00:07:07]} 3. Nc3 {
[%clk 00:07:09]  [%emt 00:00:04]} 3... Bg7 4. e4 d6 {
[%clk 00:07:11]  [%emt 00:00:04]} 5. f4 {[%clk 00:07:14]} 5... O-O 6. Nf3 {
[%emt 00:00:05]} 6... c5 {[%clk 00:07:05]  [%emt 00:00:05]} 7. d5 {
[%clk 00:07:19]} 7... e6 {[%clk 00:06:51]  [%emt 00:00:22]} 8. Be2 {
[%clk 00:07:21]} 8... exd5 {[%clk 00:06:38]  [%emt 00:00:16]} 9. exd5 {
[%clk 00:07:23]  [%emt 00:00:07]} 9... Na6 {[%clk 00:06:12]  [%emt 00:00:18]}
10. O-O {[%clk 00:07:23]  [%emt 00:00:20]} 10... Re8 {[%clk 00:06:08]} 11. Bd3
{[%clk 00:07:25]  [%emt 00:00:09]} 11... Nc7 {[%clk 00:05:49]  [%emt 00:00:08]}
12. a4 {[%clk 00:07:23]  [%emt 00:00:04]} 12... b6 {
[%clk 00:05:27]  [%emt 00:00:42]} 13. h3 {[%clk 00:07:24]} 13... a6 {
[%clk 00:05:19]} 14. Bd2 {[%clk 00:07:15]  [%emt 00:00:06]} 14... Rb8 {
[%clk 00:05:10]  [%emt 00:00:11]} 15. Rb1 {[%clk 00:07:17]} 15... Bd7 {
[%clk 00:04:59]  [%emt 00:00:13]} 16. Qc2 {[%clk 00:07:15]  [%emt 00:00:21]}
16... b5 {[%clk 00:04:53]  [%emt 00:00:09]} 17. b3 {[%clk 00:07:13]} 17... Rb7
{[%clk 00:04:30]  [%emt 00:00:58]} 18. f5 {[%clk 00:07:03]} 18... Qa8 {
[%clk 00:04:01]  [%emt 00:00:04]} 19. Kh2 {[%clk 00:07:05]  [%emt 00:00:08]}
19... Reb8 {[%clk 00:04:03]} 20. g4 {[%clk 00:07:04]} 20... bxc4 {
[%clk 00:03:48]  [%emt 00:00:14]} 21. bxc4 {[%clk 00:07:06]  [%emt 00:00:32]}
21... Rb4 {[%clk 00:03:40]} 22. g5 {[%clk 00:07:06]} 22... Nfe8 {
[%clk 00:03:33]  [%emt 00:00:05]} 23. f6 {[%clk 00:07:08]} 23... Bf8 {
[%clk 00:03:32]} 24. a5 {[%clk 00:06:52]  [%emt 00:00:12]} 24... R8b7 {
[%clk 00:02:58]  [%emt 00:00:38]} 25. Ne2 {[%clk 00:06:45]  [%emt 00:00:11]}
25... Rxb1 {[%clk 00:02:55]  [%emt 00:00:11]} 26. Rxb1 {[%clk 00:06:47]} 26...
Rxb1 {[%clk 00:02:50]} 27. Qxb1 {[%clk 00:06:50]} 27... Qc8 {
[%clk 00:02:53]  [%emt 00:00:18]} 28. Nfg1 {[%clk 00:06:23]  [%emt 00:00:07]}
28... Kh8 {[%emt 00:00:40]} 29. Ng3 {[%clk 00:06:12]  [%emt 00:00:07]} 29...
Kg8 {[%clk 00:02:18]  [%emt 00:00:18]} 30. h4 {[%clk 00:05:14]  [%emt 00:01:08]
} 30... Bg4 {[%clk 00:02:06]  [%emt 00:00:16]} 31. h5 {[%clk 00:05:16]} 31...
Nxd5 {[%clk 00:01:01]  [%emt 00:00:59]} 32. cxd5 {
[%clk 00:05:05]  [%emt 00:00:10]} 32... c4 {[%clk 00:01:03]} 33. hxg6 {
[%clk 00:04:15]  [%emt 00:00:52]} 33... Qc5 {[%clk 00:00:27]  [%emt 00:00:37]}
34. gxf7+ {[%clk 00:03:17]  [%emt 00:01:01]} 34... Kxf7 {
[%clk 00:00:22]  [%emt 00:00:08]} 35. Qb7+ {[%clk 00:02:31]  [%emt 00:00:56]}
35... Nc7 {[%clk 00:00:21]} 36. Ne4 {[%clk 00:02:33]  [%emt 00:00:19]} 36...
Qxa5 {[%emt 00:00:07]} 1-0

[Event "II Magistral Blitz Quart"]
[Site "Quart de Poblet, Spain"]
[Date "2019.08.08"]
[Round "4.1"]
[White "Kovacevic, Slobodan"]
[Black "Ordonez Carrasco, Jorge"]
[Result "1-0"]
[WhiteElo "2395"]
[BlackElo "1559"]
[PlyCount "63"]
[EventDate "2019.??.??"]

1. d4 {[%clk 00:07:05]} 1... Nf6 {[%clk 00:07:04]  [%emt 00:00:05]} 2. Nf3 {
[%clk 00:07:07]  [%emt 00:00:04]} 2... g6 {[%clk 00:07:03]  [%emt 00:00:13]} 3.
Bg5 {[%clk 00:07:09]} 3... Bg7 {[%clk 00:07:05]} 4. Nbd2 {[%clk 00:07:11]} 4...
d6 {[%clk 00:07:07]} 5. c3 {[%clk 00:07:13]  [%emt 00:00:04]} 5... O-O {
[%clk 00:07:08]} 6. e4 {[%clk 00:07:15]} 6... Nbd7 {
[%clk 00:06:55]  [%emt 00:00:07]} 7. Be2 {[%clk 00:07:16]  [%emt 00:00:06]}
7... h6 {[%clk 00:06:45]  [%emt 00:00:08]} 8. Bh4 {[%clk 00:07:17]} 8... c6 {
[%clk 00:06:24]  [%emt 00:00:27]} 9. a4 {[%clk 00:07:17]  [%emt 00:00:06]} 9...
Qc7 {[%clk 00:06:04]  [%emt 00:00:25]} 10. Qc2 {[%clk 00:07:19]} 10... e5 {
[%clk 00:05:58]  [%emt 00:00:08]} 11. dxe5 {[%clk 00:07:19]} 11... dxe5 {
[%clk 00:05:58]  [%emt 00:00:05]} 12. a5 {[%clk 00:07:20]  [%emt 00:00:03]}
12... Ne8 {[%clk 00:05:31]  [%emt 00:00:26]} 13. Be7 {
[%clk 00:07:09]  [%emt 00:00:15]} 13... Nd6 {[%clk 00:05:18]  [%emt 00:00:18]}
14. Bxf8 {[%clk 00:07:11]} 14... Kxf8 {[%clk 00:05:20]} 15. O-O {
[%clk 00:07:12]  [%emt 00:00:06]} 15... Nc5 {[%clk 00:05:07]  [%emt 00:00:11]}
16. Rfd1 {[%clk 00:07:14]} 16... Bg4 {[%clk 00:04:35]  [%emt 00:00:39]} 17. h3
{[%clk 00:07:14]  [%emt 00:00:05]} 17... Bxf3 {[%clk 00:04:35]} 18. Bxf3 {
[%clk 00:07:16]} 18... Ne6 {[%clk 00:04:27]  [%emt 00:00:10]} 19. g3 {
[%clk 00:07:17]  [%emt 00:00:06]} 19... Rd8 {[%clk 00:04:13]  [%emt 00:00:19]}
20. Bg2 {[%clk 00:07:15]} 20... Qe7 {[%clk 00:04:08]  [%emt 00:00:08]} 21. Qb3
{[%clk 00:07:14]  [%emt 00:00:05]} 21... Nc5 {[%clk 00:03:48]  [%emt 00:00:26]}
22. Qa3 {[%clk 00:07:05]  [%emt 00:00:07]} 22... Ne6 {
[%clk 00:03:31]  [%emt 00:00:20]} 23. Qb4 {[%clk 00:06:59]  [%emt 00:00:09]}
23... c5 {[%clk 00:02:47]  [%emt 00:00:48]} 24. Qa4 {
[%clk 00:06:56]  [%emt 00:00:05]} 24... b5 {[%clk 00:02:32]  [%emt 00:00:18]}
25. axb6 {[%clk 00:06:52]  [%emt 00:00:07]} 25... axb6 {[%clk 00:02:34]} 26.
Qc6 {[%clk 00:06:51]  [%emt 00:00:06]} 26... h5 {
[%clk 00:02:13]  [%emt 00:00:31]} 27. h4 {[%clk 00:06:35]  [%emt 00:00:15]}
27... g5 {[%clk 00:02:06]  [%emt 00:00:06]} 28. Nf3 {
[%clk 00:06:25]  [%emt 00:00:18]} 28... gxh4 {[%clk 00:01:53]  [%emt 00:00:12]}
29. Nxh4 {[%clk 00:06:26]  [%emt 00:00:06]} 29... Nc4 {
[%clk 00:00:59]  [%emt 00:01:01]} 30. Nf5 {[%clk 00:06:17]  [%emt 00:00:07]}
30... Rxd1+ {[%clk 00:00:56]  [%emt 00:00:05]} 31. Rxd1 {
[%clk 00:06:18]  [%emt 00:00:05]} 31... Qg5 {[%clk 00:00:45]  [%emt 00:00:13]}
32. Qc8+ {[%clk 00:06:17]} 1-0

[Event "II Magistral Blitz Quart"]
[Site "Quart de Poblet, Spain"]
[Date "2019.08.08"]
[Round "4.2"]
[White "Redondo Flores, David"]
[Black "Galvan, Jesus"]
[Result "0-1"]
[WhiteElo "2009"]
[BlackElo "2200"]
[PlyCount "66"]
[EventDate "2019.??.??"]

1. e4 {[%clk 00:07:04]  [%emt 00:00:11]} 1... c5 {[%clk 00:07:05]} 2. Nf3 {
[%clk 00:07:06]} 2... Nf6 {[%clk 00:07:08]} 3. Nc3 {[%clk 00:07:03]} 3... Nc6 {
[%clk 00:07:10]} 4. d4 {[%clk 00:07:04]  [%emt 00:00:09]} 4... d5 {
[%clk 00:07:11]} 5. e5 {[%clk 00:05:05]  [%emt 00:01:57]} 5... cxd4 {
[%clk 00:07:11]  [%emt 00:00:19]} 6. Ne2 {[%clk 00:04:55]  [%emt 00:00:19]}
6... Ng4 {[%clk 00:07:07]} 7. Bf4 {[%clk 00:04:44]  [%emt 00:00:07]} 7... g5 {
[%clk 00:07:09]} 8. Bxg5 {[%clk 00:04:34]  [%emt 00:00:05]} 8... Bg7 {
[%clk 00:07:11]} 9. h3 {[%clk 00:04:16]  [%emt 00:00:22]} 9... Ngxe5 {
[%clk 00:07:13]  [%emt 00:00:09]} 10. Nexd4 {[%clk 00:04:11]  [%emt 00:00:09]}
10... Nxf3+ {[%clk 00:05:53]  [%emt 00:01:15]} 11. Nxf3 {
[%clk 00:04:12]  [%emt 00:00:29]} 11... Qd6 {[%clk 00:05:38]  [%emt 00:00:03]}
12. c3 {[%clk 00:03:54]  [%emt 00:00:50]} 12... e5 {[%clk 00:05:40]} 13. Be2 {
[%clk 00:03:48]} 13... O-O {[%clk 00:05:41]} 14. O-O {[%clk 00:03:47]} 14... f5
{[%clk 00:05:43]} 15. Qb3 {[%clk 00:03:00]  [%emt 00:00:26]} 15... e4 {
[%clk 00:05:22]  [%emt 00:00:25]} 16. Nd4 {[%clk 00:02:08]  [%emt 00:00:54]}
16... Nxd4 {[%clk 00:05:16]  [%emt 00:00:27]} 17. cxd4 {[%clk 00:02:09]} 17...
f4 {[%clk 00:05:17]} 18. Rfd1 {[%clk 00:02:00]  [%emt 00:00:10]} 18... f3 {
[%clk 00:05:09]} 19. Bf1 {[%clk 00:01:37]  [%emt 00:00:31]} 19... fxg2 {
[%clk 00:05:09]  [%emt 00:00:04]} 20. Bxg2 Kh8 21. Qe3 {
[%clk 00:01:22]  [%emt 00:00:16]} 21... Qg6 {[%clk 00:04:51]  [%emt 00:00:21]}
22. Kh1 {[%clk 00:01:08]  [%emt 00:00:18]} 22... Qh5 {
[%clk 00:04:46]  [%emt 00:00:10]} 23. Kh2 {[%clk 00:00:45]  [%emt 00:00:29]}
23... Bd7 {[%clk 00:04:15]  [%emt 00:00:29]} 24. Qg3 {
[%clk 00:00:44]  [%emt 00:00:12]} 24... Rf5 {[%clk 00:04:13]  [%emt 00:00:22]}
25. Bf4 {[%clk 00:00:41]} 25... Raf8 {[%clk 00:04:13]} 26. Be5 {
[%clk 00:00:08]  [%emt 00:00:22]} 26... Bxe5 {[%clk 00:03:24]  [%emt 00:01:16]}
27. dxe5 {[%clk 00:00:10]} 27... Be6 {[%clk 00:03:11]  [%emt 00:00:06]} 28.
Rac1 {[%clk 00:00:12]} 28... Rg5 {[%clk 00:03:05]} 29. Qe3 {
[%clk 00:00:08]  [%emt 00:00:08]} 29... Rf3 {[%clk 00:02:54]  [%emt 00:00:09]}
30. Qxg5 {[%clk 00:00:06]  [%emt 00:00:20]} 30... Qxg5 31. Bxf3 {
[%clk 00:00:07]} 31... Qf4+ {[%clk 00:02:47]  [%emt 00:00:04]} 32. Kg2 {
[%clk 00:00:08]} 32... Qxf3+ {[%clk 00:02:49]  [%emt 00:00:06]} 33. Kf1 {
[%clk 00:00:08]} 33... e3 {[%clk 00:02:38]  [%emt 00:00:16]} 0-1